Nonhomogeneous matrix products (Record no. 33112)
[ view plain ]
| 000 -LEADER | |
|---|---|
| fixed length control field | 01080nam a22002774a 4500 |
| 082 04 - DEWEY DECIMAL CLASSIFICATION NUMBER | |
| Classification number | 512.9/434 |
| 100 1# - MAIN ENTRY--AUTHOR NAME | |
| Personal name | Hartfiel, D. J. |
| 245 10 - TITLE STATEMENT | |
| Title | Nonhomogeneous matrix products |
| 260 ## - PUBLICATION, DISTRIBUTION, ETC. (IMPRINT) | |
| Place of publication | River Edge, N.J. : |
| Name of publisher | World Scientific, |
| Year of publication | c2002. |
| 300 ## - PHYSICAL DESCRIPTION | |
| Number of Pages | ix, 224 p. : |
| Other physical details | ill. |
| 650 #0 - SUBJECT ADDED ENTRY--TOPICAL TERM | |
| Topical Term | Matrices. |
| 856 40 - ELECTRONIC LOCATION AND ACCESS | |
| Uniform Resource Identifier | http://site.ebrary.com/lib/rucke/Doc?id=10255577 |
No items available.
